Helldivers A-Y - Statistics

General Stats
  • This quiz has been taken 18 times
  • The average score is 9 of 25
Answer Stats
Letter Hint Answer % Correct
A The ruthless, machine-collective enemy faction Automatons
100%
C The home world of the Cyborgs and a focal point for recent major galactic conflicts. Cyberstan
86%
L Celebrated annually on October 26th to mark the original game's anniversary and honor Super Earth. Liberty Day
86%
D Our Ultimate Weapon Against The Bugs, Bots, and Squids Democracy
71%
F A constant and democratic risk in every mission, often leading to as many casualties as the enemies themselves. Friendly Fire
71%
G The legendary mentor whose training broadcasts claim Helldivers average a towering 7ft in height. General Brasch
71%
T The insectoid "bug" faction that infests planets and provides the E-710 fuel essential for Super Earth’s FTL travel. Terminids
71%
Q The matchmaking feature that allows Helldivers to instantly join squads and defend the galaxy together. Quickplay
64%
W The battle pass system players use to unlock new weapons, armor, and cosmetics. Warbonds
64%
H The primary insertion method for Helldivers, dropped from orbit directly into the heat of battle. Hellpods
57%
S Powerful orbital strikes, equipment, and support weapons that are called down using directional inputs Stratagems
57%
I A significant content update and developer deep dive released in late 2025 to expand the game's narrative. Into the Unjust
36%
O Name of the Operation that kicked out the Automatons briefly Operation Swift Disassembly
14%
P The proud capital of Super Earth and home to the Democratic Council. Prosperity City
14%
B The iconic, standard-issue armor set for Helldivers B-01 Tactical
7%
E Devastating new weather phenomena that have emerged as a significant environmental hazard during planetary operations. Exostorms
7%
M The manufacturer of the "Elite Edition" line of Helldivers figures launching in Spring 2026. McFarlane Toys
7%
X A radioactive, swamp-covered world in the Sector below this question where Helldivers recovered ancient blueprints for the MLS-4X Commando rocket launcher. X-45
7%
J he Chief Creative Officer of Arrowhead Game Studios whose birthday coincides with Liberty Day. Johan Pilestedt
0%
K The final bug homeworld from the first Galactic War; Kepler Prime
0%
N Managed Democracy Is... Non-Negotiable
0%
R The most vital and most powerful stratagem in the game Reinforcements
0%
U A critical buffer zone between Super Earth and the Terminid-occupied "Quarantine Zone," containing the high-stakes Barrier Planets like Erata Prime and Fenrir III. Umlaut Sector
0%
V A recurring technical challenge in recent defense missions that has sparked significant community debate. Vox Engines
0%
Y A strategic region of space containing the pivotal planet that's above the question and Vega Bay; it is a frequent front for deep-space Automaton defense operations. Ymir
0%
No matching quizzes found
Score Distribution
Percent of People with Each Score
Percentile by Number Answered
Your Score History
You have not taken this quiz